00622nam a2200181 a 450000100100000000500170001000800410002704000250006808200150009311000320010824000170014024500820015726000420023930000200028104900090030195201130031099900170042300001719020200929165037.0100319s1962 dr 000 0 spa d aDO-SdBNPbspacBNPHU axxxbR337f1 aRepública Dominicana944713a[Leyes etc.]10aReglamentos de la federación de la juventud católica femenina dominicana. aSanto Domingo :bPol Hermanos,c1962. a27 p. ;c21 cm. aBNPD 0010718PDaPDbPDcCTd2010-03-19iLF1l0oxxx R337fp17190-10r2020-06-25w2020-06-25yLFPDZNo se presta c16716d16716